00499nam a2200121Ia 45000010005000000080041000050820022000461000054000682450190001222600024003129010026003369990015003622866241024s9999 xx 000 0 und d aRD/420/R426p/2012 aRepública Dominicana. Ministerio de Educación 0aPrograma de bachillerato bilingue y diplomado en inglés conversacional. Consultoría para la evaluación dela gestión educativa y administrativa dela Regional de Educación No.10 bSanto Domingoc2012 a9/4/2013 2:44:46 p.m. c8239d8239